| 000 | 01095nam a2200205 a 4500 | ||
|---|---|---|---|
| 001 | 47210 | ||
| 005 | 20180714031055.0 | ||
| 008 | 140415s1983 sp 000 0 spa d | ||
| 041 | _aspa | ||
| 082 |
_a171.1 _bTIS |
||
| 100 | 1 | _aTISCHNER, JOSEF | |
| 245 | 1 | 0 | _aETICA DE LA SOLIDARIDAD |
| 250 | _a1a ed. | ||
| 260 |
_aESPAÑA : _bEDICIONES ENCUENTRO, _c1983 |
||
| 300 |
_a155 _c18 x 10.7 x 1.2 |
||
| 520 | _aSOLIDADRIDAD ES EL NOMBRE QUE EL OTOÑO DE ORO POLACO HA APORTADO A LA HISTORIA COMO EL ACONTECIMIENTO DE LO QUE KOLAKOWSKI HA DEFINIDO LA ÚNICA REVOLUCIÓN DE NUESTRO SIGLO. ES DE SOBRA CONOCIDO QUE SE TRATA DE UNA REVOLUCIÓN CULTURAL MÁS QUE POLÍTICA TISCHENER NOS EXPLICA EN ESTE DICCIONARIO DE LAS PALABRAS CLAVE-DIÁLOGO, EXPLORACIÓN, CIENCIA, DEMOCRACIA, SOCIALISMO, EDUCACIÓN, FAMILIA...- CUÁLES SON LOS CONTENIDOS DE CULTURA QUE HA CAMBIADO LA SOCIEDAD POLACA, SU ETHOS HUMANOS | ||
| 650 | 1 | 4 |
_aSOCIOLOGIA DE LA EDUCACION _xVALORES (FILOSOFIA) _xETICA _xASPECTOS SOCIALES |
| 700 | 1 |
_aRODRIGUEZ FIERRO, MA JOSE _etr. |
|
| 740 | _aETICA DELLA SOLIDARIETA | ||
| 999 |
_c47210 _d47210 |
||